A Szabad Ifjúság Művészegyüttes megalakulása
Elmentve itt :
| Dokumentumtípus: | Cikk |
|---|---|
| Megjelent: |
1955-10-16
|
| Sorozat: | Délmagyarország
11 No. 244 |
| Kulcsszavak: | Szeghy Endre, Szabad Ifjúság Művészegyüttes megalakulás 1955, Demokratikus Ifjúsági Szövetség (DISZ), zeneélet |
| Online Access: | http://dmarchiv.bibl.u-szeged.hu/63400 |
| LEADER | 00527nab a2200145 i 4500 | ||
|---|---|---|---|
| 001 | delm63400 | ||
| 005 | 20180927151345.0 | ||
| 008 | 180927s1955 hu o 0|| hun d | ||
| 040 | |a SZTE Délmagyarország Archívum |b hun | ||
| 041 | |a hun | ||
| 245 | 0 | 2 | |a A Szabad Ifjúság Művészegyüttes megalakulása |h [elektronikus dokumentum] |
| 260 | |c 1955-10-16 | ||
| 300 | |a 3 | ||
| 490 | 0 | |a Délmagyarország |v 11 No. 244 | |
| 695 | |a Szeghy Endre, Szabad Ifjúság Művészegyüttes megalakulás 1955, Demokratikus Ifjúsági Szövetség (DISZ), zeneélet | ||